000 01401nmc a2200445 a 4500
003 AR-BaBNM
005 20251128203719.0
008 246019s1984 ||||||||||||||000 | spa||
020 _a950-095-2
040 _cAR-BaBNM
110 2 _aFundación Editorial de Belgrano
245 1 0 _aEnsayos de antropología argentina
_baño 1984
260 _aBuenos Aires
_bBelgrano
_c1984
300 0 _a443 p.
_bgráfs.
490 0 _aPremios Coca-Cola en las artes y las ciencias
500 1 _aContiene los ensayos de antropología premiados en el concurso "Coca-Cola en las Artes y las Ciencias" 1982/1983, cuyo jurado estuvo integrado por Alberto Rex González, Martha Blache y Leopoldo Bartolomé
650 4 _aANTROPOLOGIA
650 4 _aANTROPOLOGIA CULTURAL Y SOCIAL
650 4 _aARQUEOLOGIA
650 4 _aLITERATURA POPULAR
650 4 _aTRADICION ORAL
650 4 _aCOSTUMBRES Y TRADICIONES
650 4 _aIDENTIDAD CULTURAL
650 4 _aFOLKLORE
650 4 _aMITOLOGIA
650 4 _aGRUPOS ETNICOS
650 4 _aANTISEMITISMO
650 4 _aMINORIAS
650 4 _aJUDIOS
651 4 _aArgentina
653 0 _aANTROPOLOGIA RELIGIOSA
700 1 _aPiana, Ernesto L.
700 1 _aCousillas, Ana María
700 1 _aLosada, Flora H.
700 1 _aMartín, Alicia I.
700 1 _aGuber, Rosana
700 1 _aRenold, Juan Mauricio
942 _cBK
998 _cEnrique
999 _c4603
_d4603